Science Quiz

Random Science or Letter Quiz

Science Grab Bag A-Z Quiz Stats

 Plays Quiz not verified by Sporcle

Support Sporcle.
Go Orange.
Score 0/26 Timer 04:00
0 Plays Today
Hint Answer % Correct
These are in the periodic tableElements
96.2%
Made evolution popularDarwin
95.5%
(Answer #5) that is often used in balloonsHelium
95.4%
Largest planet in the solar systemJupiter
94.3%
Eclipse when the moon passes behind the earthLunar
91.8%
To circle the earthOrbit
90.4%
A system of stars and remnantsGalaxy
89%
A large group of organisms that includes yeasts and moldsFungi
88.3%
Moving energyKinetic
87.6%
The change of the physical state of matter from gaseous phase into liquid phaseCondensation
86.6%
36 inchesYard
85.9%
Perhaps the great scientist ever; discovered the prismNewton
84.9%
212 degrees FahrenheitBoiling Point (of water)
84.6%
Hint Answer % Correct
Hole located in the center of the irisPupil
81.9%
Unit of power named after a Scottish engineerWatt
81.6%
A natural light display in the skyAurora
80.9%
A form of electromagnetic radiationX-Ray
80.5%
Object in space that survives impact with the Earth's surfaceMeteorite
75.6%
A silvery-white metallic (Answer #5) of the periodic tableUranium
74.2%
An abundant mineral in the Earth's crustQuartz
71.8%
Black dots on the sun's photosphereSunspot
69.1%
Part of an animal's body between head and abdomenThorax
57.7%
A substance in the gas phaseVapo(u)r
57.5%
Process in which energetic particles or waves travel through a medium or space; A type of fogRadiation
50.1%
Also called spelterZinc
31.7%
A rare, malleable metalIndium
30.1%

You're not logged in!

Compare scores with friends on all Sporcle quizzes.
OR
Log In

From the Vault

Countries Under 10 Million Population (Americas)

by teggers

Look no further than these countries if you're planning to move somewhere that isn't too crowded.
Remove Ads.
Support Sporcle.
Get the best of Sporcle when you Go Orange. This ad-free experience offers more features, more stats, and more fun while also helping to support Sporcle. Thank you for becoming a member.

Show Comments

Extras

Created Mar 4, 2011ReportNominate
Tags:Letter Quiz, A-Z, bag

Top Quizzes Today


Score Distribution

Your Account Isn't Verified!

In order to create a playlist on Sporcle, you need to verify the email address you used during registration. Go to your Sporcle Settings to finish the process.

Report this User

Report this user for behavior that violates our Community Guidelines.

Details: